[Event "Steinfurt Bezirksliga 1011"]
[Site "Germany"]
[Date "2011.04.16"]
[Round "8.1"]
[White "Meinert, Dominik"]
[Black "Melikov, Svetlana"]
[Result "0-1"]
[WhiteElo "1478"]
[BlackElo "1976"]
[PlyCount "52"]
[EventDate "2010.10.02"]
[EventType "team-tourn"]
[EventRounds "9"]
[EventCountry "GER"]
[SourceTitle "EXT 2012"]
[Source "ChessBase"]
[SourceDate "2011.11.24"]
[SourceVersion "1"]
[SourceVersionDate "2011.11.24"]
[SourceQuality "1"]
[WhiteTeam "Steinfurt III"]
[BlackTeam "Emsdetten Turm III"]
[WhiteTeamCountry "GER"]
[BlackTeamCountry "GER"]

1. e4 c6 2. d4 d5 3. exd5 cxd5 4. c4 Nf6 5. Nc3 e6 6. Bg5 Be7 7. Nf3 0-0 8. Rc1 Nc6 9. Bd3 Nb4 10. 0-0 Nxd3 11. Qxd3 dxc4 12. Qxc4 a6 13. Rfd1 b5 14. Qb3 Bb7 15. Ne5 Rc8 16. a4 b4 17. Ne2 Bd5 18. Qe3 Rxc1 19. Rxc1 Bxg2 20. Bxf6 gxf6 21. Kxg2 fxe5 22. dxe5 Kh8 23. Rg1 Bg5 24. Qd4 Qxd4 25. Nxd4 Be3 26. Nxe6 Rg8+ 0-1